000 00626nam a2200241Ia 4500
003 OSt
005 20221005120136.0
006 a|||||r|||| 00| 0
007 ta
008 221004b |||||||| |||| 00| 0 eng d
024 _a65215
037 _cTextual
040 _aCRL
_cCRL
_beng
041 _2eng
_aeng
082 _aX:322:Z251qN60, K0
110 _aIndia, Law (Ministry of --)
245 0 _aDelhi land holdings (Ceiling) act 1960
260 _c1960
650 _aECONOMICS
700 _aIndia, Law (Ministry of --)
942 _hX:322:Z251qN60, K0
_cTEXL
_2cc
999 _c1036970
_d1036970